Philosophical principles of religion : natural and revealed: in two parts. Part I. ... The second edition corrected and enlarged. Part II. ... Now first publish'd. By George Cheyne, ...

Bibliographic Details
Main Author: Cheyne, George, 1671-1743
Format: eBook
Language:English
Series:Eighteenth century collections online.
Online Access:Full text online

MARC

Tag First Indicator Second Indicator Subfields
LEADER 00000cam a2200000 4500
001 in00001952113
006 m | d |
007 cr |n||||||||n
008 791208s1716 enk|||| s 00||||eng d
005 20260414161510.3
035 |a (CStRLIN)ESTCT78552 
040 |a Uk-ES  |c Uk-ES  |d CStRLIN  |d Thomson Gale  |d UtOrBLW 
100 1 |a Cheyne, George,  |d 1671-1743. 
245 1 0 |a Philosophical principles of religion :  |b natural and revealed: in two parts. Part I. ... The second edition corrected and enlarged. Part II. ... Now first publish'd. By George Cheyne, ... 
264 3 |a London :  |b printed for George Strahan,  |c 1716. 
300 |a 32 unnumbered pages, 360, 24 unnumbered pages, 188p. ;  |c 8⁰. 
336 |a text  |b txt  |2 rdacontent 
337 |a computer  |b c  |2 rdamedia 
338 |a online resource  |b cr  |2 rdacarrier 
500 |a A reissue of the 1715 edition, with the general titlepage and the titlepage to pt.1 partly reset. 
500 |a Each part has a separate titlepage, pagination and register. 
500 |a The titlepage of part 2 is dated 1715. 
500 |a Reproduction of original from the British Library. 
510 4 |a English Short Title Catalog,  |c ESTCT78552. 
533 |a Electronic reproduction.  |b Farmington Hills, Mich. :  |c Thomson Gale,  |d 2003.  |n Available via the World Wide Web.  |n Access limited by licensing agreements  |7 s2003 miunns 
500 |a Electronic resource. 
830 0 |a Eighteenth century collections online. 
856 4 0 |u http://proxy.library.tamu.edu/login?url=https://galenet.galegroup.com/servlet/ECCO?c=1&stp=Author&ste=11&af=BN&ae=T078552&tiPG=1&dd=0&dc=flc&docNum=CW123139926&vrsn=1.0&srchtp=a&d4=0.33&n=10&SU=0LRF&locID=txshracd2898  |z Full text online  |t 0 
999 |a MARS 
999 f f |s fb22c536-340c-34ec-ae63-cc6c47d02cac  |i 837c6042-bd1c-3c4e-9d4c-9cc107650cbd  |t 0 
952 f f |a Texas A&M University  |b College Station  |c Electronic Resources  |s www_evans  |d Available Online  |t 0  |h No information provided 
998 f f |t 0  |l Available Online